Legislación y jurisprudencia social
Descripción Física:
15 vols. enquadernats ; periodicitat: anual ; 28 cm
MARC
| LEADER | 00000nas a2200000 a 4500 | ||
|---|---|---|---|
| 001 | 26837, 26838, 26839, 26840, 26841, 26842, 26843, 26844, 26845, 26846, 26847, 26848, 26849, 26850, 26851 | ||
| 003 | Arxiu | ||
| 005 | 20260324181053.0 | ||
| 008 | 160829s9999 xx 000 0 cat d | ||
| 040 | |a agdb | ||
| 080 | |a Revistes | ||
| 245 | |a Legislación y jurisprudencia social | ||
| 260 | |a Barcelona : |b Legislación Social Vigente ; |c [1953?] - | ||
| 300 | |a 15 vols. enquadernats ; |b periodicitat: anual ; |c 28 cm | ||
| 362 | |a 1962-1974 ; 1979 | ||
| 590 | |a En estoig amb fulls solts. | ||
| 590 | |a Descripció basada en: Año 11 (1964) | ||
| 650 | |a Dret social |x Legislació |x Espanya |x Revistes |9 48761 | ||
| 650 | |a Dret social |x Espanya |x Jurisprudència |x Repertoris |9 48762 | ||
| 655 | 0 | |9 55823 |a Revistes | |
| 866 | |a 1962-1974 | ||
| 866 | |a 1979 | ||
| 901 | |a Arxiu | ||
| 942 | |n 1 |2 udc |c REV | ||
| 952 | |0 0 |1 0 |2 udc |4 0 |7 1 |9 54835 |a Arxiu |b Arxiu |d 2016-12-01 |h Any 9 (1962) |o Rev-303 |p 26837 |r 2016-12-01 00:00:00 |w 2016-12-01 |y ARXIU | ||
| 952 | |0 0 |1 0 |2 udc |4 0 |6 REV304 |7 1 |9 63952 |a Arxiu |b Arxiu |d 2022-10-10 |h Any 10 (1963) |l 0 |o Rev-304 |p 26838 |r 2022-10-10 00:00:00 |w 2022-10-10 |y ARXIU | ||
| 952 | |0 0 |1 0 |2 udc |4 0 |6 REV305 |7 1 |9 63953 |a Arxiu |b Arxiu |d 2022-10-10 |h Any 11 (1964) |l 0 |o Rev-305 |p 26839 |r 2022-10-10 00:00:00 |w 2022-10-10 |y ARXIU | ||
| 952 | |0 0 |1 0 |2 udc |4 0 |6 REV306 |7 1 |9 63954 |a Arxiu |b Arxiu |d 2022-10-10 |h Any 12, vol. 1 (1965) |l 0 |o Rev-306 |p 26840 |r 2022-10-10 00:00:00 |w 2022-10-10 |y ARXIU | ||
| 952 | |0 0 |1 0 |2 udc |4 0 |6 REV307 |7 1 |9 63955 |a Arxiu |b Arxiu |d 2022-10-10 |h Any 12, vol. 2 (1965) |l 0 |o Rev-307 |p 26841 |r 2022-10-10 00:00:00 |w 2022-10-10 |y ARXIU | ||
| 952 | |0 0 |1 0 |2 udc |4 0 |6 REV308 |7 1 |9 63956 |a Arxiu |b Arxiu |d 2022-10-10 |h Any 13 (1966) |l 0 |o Rev-308 |p 26842 |r 2022-10-10 00:00:00 |w 2022-10-10 |y ARXIU | ||
| 952 | |0 0 |1 0 |2 udc |4 0 |6 REV309 |7 1 |9 63957 |a Arxiu |b Arxiu |d 2022-10-10 |h Any 14 (1967) |l 0 |o Rev-309 |p 26843 |r 2022-10-10 00:00:00 |w 2022-10-10 |y ARXIU | ||
| 952 | |0 0 |1 0 |2 udc |4 0 |6 REV310 |7 1 |9 63958 |a Arxiu |b Arxiu |d 2022-10-10 |h Any 15 (1968) |l 0 |o Rev-310 |p 26844 |r 2022-10-10 00:00:00 |w 2022-10-10 |y ARXIU | ||
| 952 | |0 0 |1 0 |2 udc |4 0 |6 REV311 |7 1 |9 63959 |a Arxiu |b Arxiu |d 2022-10-10 |h Any 16 (1969) |l 0 |o Rev-311 |p 26845 |r 2022-10-10 00:00:00 |w 2022-10-10 |y ARXIU | ||
| 952 | |0 0 |1 0 |2 udc |4 0 |6 REV312 |7 1 |9 63960 |a Arxiu |b Arxiu |d 2022-10-10 |h Any 17 (1970) |l 0 |o Rev-312 |p 26846 |r 2022-10-10 00:00:00 |w 2022-10-10 |y ARXIU | ||
| 952 | |0 0 |1 0 |2 udc |4 0 |6 REV313 |7 1 |9 63961 |a Arxiu |b Arxiu |d 2022-10-10 |h Any 18 (1971) |l 0 |o Rev-313 |p 26847 |r 2022-10-10 00:00:00 |w 2022-10-10 |y ARXIU | ||
| 952 | |0 0 |1 0 |2 udc |4 0 |6 REV314 |7 1 |9 63962 |a Arxiu |b Arxiu |d 2022-10-10 |h Any 19 (1972) |l 0 |o Rev-314 |p 26848 |r 2022-10-10 00:00:00 |w 2022-10-10 |y ARXIU | ||
| 952 | |0 0 |1 0 |2 udc |4 0 |6 REV315 |7 1 |9 63963 |a Arxiu |b Arxiu |d 2022-10-10 |h Any 20 (1973) |l 0 |o Rev-315 |p 26849 |r 2022-10-10 00:00:00 |w 2022-10-10 |y ARXIU | ||
| 952 | |0 0 |1 0 |2 udc |4 0 |6 REV316 |7 1 |9 63964 |a Arxiu |b Arxiu |d 2022-10-10 |h Any 21 (1974) |l 0 |o Rev-316 |p 26850 |r 2022-10-10 00:00:00 |w 2022-10-10 |y ARXIU | ||
| 952 | |0 0 |1 0 |2 udc |4 0 |6 REV317 |7 1 |9 63965 |a Arxiu |b Arxiu |d 2022-10-10 |h Any 26 (1979) |l 0 |o Rev-317 |p 26851 |r 2022-10-10 00:00:00 |w 2022-10-10 |y ARXIU |z Incomplet: només hi ha el mes de gener | ||
| 999 | |c 58705 |d 58705 | ||